000 00917 a2200277 4500
008 130415t cr||||| |||| 00| 0 spa d
020 _a9968380814 (o.c.)
020 _a9968380083 (V.1)
020 _a9968380105 (V.2)
020 _a9968380121 (V.3)
020 _a9968380148 (V.4)
050 0 4 _aKKH1710
_bC53 2001
245 0 3 _aClásicos del derecho procesal civil
_c / Ugo Rocco,...[et.al] ; traducido por E. Gómez Orbaneja
250 _a1a ed.
260 _aCosta Rica :
_bJurídica Universitaria,
_c2001
300 _a4 v. ;
_c28 cm.
490 0 _aClásicos del Derecho Procesal Civil
504 _aIncluye bibliografía e índices
650 7 _2LEMB
_aProcedimiento civil
_zItalia
700 1 _aRocco, Ugo
_ecoaut.
700 1 _aCouture, Eduardo J.
_ecoaut.
700 1 _aAlsina, Hugo
_ecoaut.
700 1 _aChiovenda, Giusseppe
_ecoaut.
700 1 _aGómez Orbaneja, E.
_ecoaut.
942 _2lcc
_cLIB
999 _c33194
_d33194